LEADER 01561nam 2200433 450 001 000010843 005 20070503173400.0 010 $a88-02-03688-8 100 $a20020321d1982----km-y0itay0103----ba 101 0 $aita 102 $aIT 200 1 $aTeatro$fHenrik Ibsen$gintroduzione di Alda Castagnoli Manghi$gtraduzione di Alda Castagnoli Manghi e Hanne Coletti Grünbraum 200 1 $a1 $n0005189 210 $aTorino$cUTET$dc1982 215 $aXX, 402 p.$d18 cm. 225 2 $a<> grandi scrittori stranieri 327 $aCasa di bambola ; L'anitra selvatica ; Rosmersholm ; Il costruttore di Solness 410 $12001$a<> grandi scrittori stranieri 676 $a839.82$v(20. ed.)$9Letteratura norvegese 700 1$aIbsen,$bHenrik$0191887 702 1$aCastagnoli Manghi,$bAlda 702 1$aColetti Grünbraum,$bHanne 801 0$aIT$bUniversitŕ della Basilicata - B.I.A.$gRICA$2unimarc 912 $a000010843 996 $aTeatro$979246 997 $aUNIBAS BAS $aMONLET BAS $aMONOGR BAS $aLETTERE CAT $aSTD014$b01$c20020321$lBAS01$h1741 CAT $aTROMBONE$b01$c20020408$lBAS01$h1154 CAT $c20050601$lBAS01$h1754 CAT $abatch$b01$c20050718$lBAS01$h1050 CAT $c20050718$lBAS01$h1110 CAT $c20050718$lBAS01$h1140 CAT $c20050718$lBAS01$h1154 CAT $aBATCH$b00$c20070503$lBAS01$h1734 FMT Z30 -1$lBAS01$LBAS01$mBOOK$1BASA1$APolo Storico-Umanistico$2GEN$BCollezione generale$3FP/13313$613313$5L13313$820020321$f02$FPrestabile Generale LEADER 00936nam0 2200253 450 001 000029600 005 20111201101815.0 010 $a0-89356-075-8 100 $a20111201d1977----km-y0itaa50------ba 101 0 $aeng 102 $aUS 200 1 $aMasterplots$e1976 annual$eMagill's literary annual, essay-reviews of 100 outstanding books published in the United States during 1975$fedited by Frank N. Magill 210 $aNew Jersey$cSalem press$d1977 215 $aXIII, 378 p.$d22 cm. 702 1$aMagill,$bFrank N. 801 0$aIT$bUniversitŕ della Basilicata - B.I.A.$gRICA$2unimarc 912 $a000029600 996 $aMasterplots$970198 997 $aUNIBAS BAS $aLETTERE CAT $aMDL$b30$c20111201$lBAS01$h1006 CAT $aMDL$b30$c20111201$lBAS01$h1018 FMT Z30 -1$lBAS01$LBAS01$mBOOK$1BASA1$APolo Storico-Umanistico$2FAA$BFondo anglo-americano$3FM/3738$63738$5L3738$820111201$f04$FPrestabile Didattica LEADER 01467nam1 22003493i 450 001 UMC0064550 005 20231121125911.0 100 $a20220203g1986 ||||0itac50 ba 101 | $aita 102 $ait 181 1$6z01$ai $bxxxe 182 1$6z01$an 200 1 $aPsicofisiologia$fa cura di Luciano Stegagno 210 $aTorino$cBollati Boringhieri 215 $a2 v.$d24 cm 225 | $aProgramma di psicologia, psichiatria, psicoterapia 410 0$1001CFI0000066$12001 $aProgramma di psicologia, psichiatria, psicoterapia 463 1$1001UMC0064543$12001 $a˜1: œIndicatori fisiologici del comportamento umano$fcontributi di Giovanni Berlucchi ... \et al.!$ga cura di Luciano Stegagno$v1 463 1$1001UMC0064547$12001 $a˜2: œCorrelati fisiologici dei processi cognitivi e del comportamento$fcontributi di Niels Birbaumer ... \et al.!$ga cura di Luciano Stegagno$v2 606 $aPsicofisiologia$2FIR$3RMLC002962$9I 676 $a152$9PSICOLOGIA FISIOLOGICA$v21 676 $a612.8$9Fisiologia umana. Funzioni nervose Funzioni sensorie$v22 702 1$aStegagno$b, Luciano$3CFIV052391 801 3$aIT$bIT-01$c20220203 850 $aIT-FR0017 899 $aBiblioteca umanistica Giorgio Aprea$bFR0017 912 $aUMC0064550 950 1$aBiblioteca umanistica Giorgio Aprea$d 52MAG 14/814.1$d 52MAG 14/814.2 967 $m2 977 $a 52 996 $aPsicofisiologia$9491427 997 $aUNICAS